00835nam a2200205 a 450000100100000000500170001000800410002704000250006808200200009310000510011324500550016426000510021930000270027059000260029765000280032365000310035191000390038295201910042199900170061200001206120240412074229.0091104s1969 dr a 000 0 spa d aDO-SdBNPbspacBNPHU aRD861.44bB253e1 aBarinas Coiscou, Sócrates,d1916-202192437913aLa epopeya del hambre /cSocrates Barinas Coiscou. aSanto Domingo :bArtes Gráficas Poly,c1969. a76 p. :bil. ;c23 cm. aInventariado, 2018/LP 0aPoesía dominicana966 0aLiteratura dominicana.967 aValidado. Control de calidad BNPHU 0010718PDaPDbPDcHDd2009-11-04iLF1l0oRD861.44 B253ep12061-10r2020-06-25w2020-06-25yLFPDzPerteneció a la biblioteca personal de Aída Cartagena Portalatín.ZNo se presta c11728d11728